Women and human rights (Record no. 413007)

MARC details
000 -LEADER
fixed length control field 00609nam a2200217Ia 4500
008 - FIXED-LENGTH DATA ELEMENTS--GENERAL INFORMATION
fixed length control field 191130s2008##################000#0#eng##
020 ## - INTERNATIONAL STANDARD BOOK NUMBER
ISBN 9788183761642
082 ## - DEWEY DECIMAL CLASSIFICATION NUMBER
Classification number 305.42 SHI
100 ## - MAIN ENTRY--AUTHOR NAME
Personal name Shilaja Nagendra
245 ## - TITLE STATEMENT
Title Women and human rights
Statement of responsibility, etc Shilaja Nagendra
260 ## - PUBLICATION, DISTRIBUTION, ETC. (IMPRINT)
Place of publication Jaipur
Name of publisher ABD Publisher
Year of publication 2008
300 ## - PHYSICAL DESCRIPTION
Number of Pages 255 p. ; 23 cm.
500 ## - GENERAL NOTE
General note Includes bibliographical references and index
650 ## - SUBJECT ADDED ENTRY--TOPICAL TERM
Topical Term India
Topical Term Women's rights
Topical Term Women--Social conditions
991 ## -
-- 225948

No items available.

Find us on the map